<?xml version="1.0" encoding="UTF-8"?>
<collection xmlns="http://www.loc.gov/MARC21/slim">
 <record>
  <leader>02012naa a2200265 i 4500</leader>
  <controlfield tag="001">acta67192</controlfield>
  <controlfield tag="005">20211123094737.0</controlfield>
  <controlfield tag="008">200526s2014    hu      o     0||   hun d</controlfield>
  <datafield tag="020" ind1=" " ind2=" ">
   <subfield code="a">978-963-306-260-9</subfield>
  </datafield>
  <datafield tag="022" ind1=" " ind2=" ">
   <subfield code="a">2064-4825</subfield>
  </datafield>
  <datafield tag="040" ind1=" " ind2=" ">
   <subfield code="a">SZTE Egyetemi Kiadványok Repozitórium</subfield>
   <subfield code="b">hun</subfield>
  </datafield>
  <datafield tag="041" ind1=" " ind2=" ">
   <subfield code="a">hun</subfield>
  </datafield>
  <datafield tag="041" ind1=" " ind2=" ">
   <subfield code="a">eng</subfield>
  </datafield>
  <datafield tag="100" ind1="1" ind2=" ">
   <subfield code="a">Zima András</subfield>
  </datafield>
  <datafield tag="245" ind1="1" ind2="0">
   <subfield code="a">&quot;Buzgólkodom népemért, a szentélyért&quot; </subfield>
   <subfield code="h">[elektronikus dokumentum] :</subfield>
   <subfield code="b">vallási rítusok a nemzetvallás szolgálatában a 20. század első felének budapesti cionista sajtójában /</subfield>
   <subfield code="c"> Zima András</subfield>
  </datafield>
  <datafield tag="260" ind1=" " ind2=" ">
   <subfield code="c">2014</subfield>
  </datafield>
  <datafield tag="300" ind1=" " ind2=" ">
   <subfield code="a">431-438</subfield>
  </datafield>
  <datafield tag="490" ind1="0" ind2=" ">
   <subfield code="a">A vallási kultúrakutatás könyvei</subfield>
  </datafield>
  <datafield tag="490" ind1="0" ind2=" ">
   <subfield code="a">Lelkiségek, lelkiségi mozgalmak Magyarországon és Kelet-Közép Európában = Spirituality and spiritual movements in Hungary and Eastern Europe</subfield>
  </datafield>
  <datafield tag="520" ind1="3" ind2=" ">
   <subfield code="a">At the turn of the 19th-20th century the different Jewish groups in Hungary had to face many challenges. They had to reconcile the demands made by modernity and the majority society with their own group interests. The changing environment endangered the survival of the group and questioned its basic values. Religion, as the primary determinant of value, shifted from the community sphere to the private sphere and lost some of its importance. Zionists thought that the guarantee for the survival of the Jews was the creation of a Jewish national character and Jewish national memory. They reinterpret religious traditions as a function of modern categories. The press, the most important attitude-shaping communication media of the period, played a major role in preserving and strengthening collective national consciousness.</subfield>
  </datafield>
  <datafield tag="650" ind1=" " ind2="4">
   <subfield code="a">Bölcsészettudományok</subfield>
  </datafield>
  <datafield tag="650" ind1=" " ind2="4">
   <subfield code="a">Filozófia, etika és vallástudományok</subfield>
  </datafield>
  <datafield tag="695" ind1=" " ind2=" ">
   <subfield code="a">Zsidó vallás, Zsidók története - Magyarország - 20. sz.</subfield>
  </datafield>
  <datafield tag="710" ind1=" " ind2=" ">
   <subfield code="a">Vallási Néprajzi Konferencia (11.) (2012) (Szeged)</subfield>
  </datafield>
  <datafield tag="856" ind1="4" ind2="0">
   <subfield code="u">http://acta.bibl.u-szeged.hu/67192/1/vallasi_kulturakutatas_konyvei_010_431-438.pdf</subfield>
   <subfield code="z">Dokumentum-elérés </subfield>
  </datafield>
 </record>
</collection>
